00685nam a22002177a 450000500170000001000130001702000220003003500130005203700160006504000120008108200130009310000380010624501270014426000360027127000410030730000280034850000190037665000270039565000250042270000200044720170124105914.0 aA-719606 c00.00a8185427542 aA-719606 bCen Lib/Ret aDPLbEN a020bFES aFestschrift, Velaga Venkatappaiah aNew Horizons in library and information science /cby Velaga Venkatappaiah festschrift; edited by C.P. Vashishth...[et.al] aMadrasbT.R Publications c1994 bMadrasa57, south usman roade600017 axxviii, 602p.c21cm(Hb) aIncludes index aLibrary science y z  aInformation science  aVashishth, C.P.